Implikácie rozvoja ťažby z bridlíc v USA a dopytu po rope vo vzťahu k budúcemu vývoju ropného priemyslu

Súčasný stav ropného priemyslu. Najväčší producenti ropy a zemného plynu v roku 2013. Rozmach ťažby z bridlíc (shale gas) a nízkopriepustných pieskov (tight oil, tight gas) má pre USA významné makroekonomické efekty. Efekt nárastu ťažby z bridlíc v USA sa už prejavuje v celosvetovom meradle, nielen...

Ausführliche Beschreibung

Gespeichert in:
Bibliographische Detailangaben
1. Verfasser: Hlušková, Tatiana, 1987-
Weitere Verfasser: Sopková, Gabriela
Format: Buchkapitel
Sprache:Slowakisch
Schlagworte:
Tags: Tag hinzufügen
Keine Tags, Fügen Sie das erste Tag hinzu!

MARC

LEADER 00000nla a2200000 4500
001 0199367
005 20240502073356.0
041 0 |a slo 
044 |a SK 
245 1 0 |a Implikácie rozvoja ťažby z bridlíc v USA a dopytu po rope vo vzťahu k budúcemu vývoju ropného priemyslu  |c Tatiana Hlušková, Gabriela Sopková 
520 |a Súčasný stav ropného priemyslu. Najväčší producenti ropy a zemného plynu v roku 2013. Rozmach ťažby z bridlíc (shale gas) a nízkopriepustných pieskov (tight oil, tight gas) má pre USA významné makroekonomické efekty. Efekt nárastu ťažby z bridlíc v USA sa už prejavuje v celosvetovom meradle, nielen v USA. Predpokladaný budúci vývoj ropného priemyslu, hrozby pre dostatočný rast ťažby. 
610 2 0 |a ropa 
610 2 0 |a ceny 
610 2 0 |a plyn zemný 
610 2 0 |a plyn bridlicový 
610 2 0 |a ťažba surovín 
610 2 0 |a svet 
610 2 0 |a USA 
100 1 |a Hlušková, Tatiana, 1987- 
700 1 |a Sopková, Gabriela